| 000 | 00801nas1a22002411i 4500 | ||
|---|---|---|---|
| 001 | RU\NLR\INFOCOMM17\1000430481 | ||
| 005 | 20260407172430.0 | ||
| 035 | _a(NLR Aleph) 002616548 | ||
| 090 |
_a3577715 _c3577715 |
||
| 100 | _a20040622d1873 |||y0rusy50 ca | ||
| 101 | 0 | _arus | |
| 102 | _aRU | ||
| 110 | _aayu||||0|y0 | ||
| 200 | 1 | _aПамятный листок Санкт-Петербургского речного яхтклуба | |
| 210 |
_aСПб. _d1873 |
||
| 710 | 0 | 2 |
_4070 _aСанкт-Петербургский речной яхт-клуб _3RU\NLR\AUTH\8810109140 _9718451 |
| 801 | 1 |
_aRU _bInfoComm _c20040622 |
|
| 801 | 0 |
_aRU _bNLR _gPSBO |
|
| 852 |
_aNLR _j3/2132 |
||
| 942 | _cJOURNAL | ||
| 980 | _aRUSPER | ||